[Event "Xtracon Chess Open 2016"]
[Site "Elsinore"]
[Date "2016.07.25"]
[Round "4.50"]
[White "Jacobsen, Fredrik Beer"]
[Black "Lenaerts, Lennert"]
[Result "0-1"]
[WhiteElo "2028"]
[BlackElo "2259"]
[PlyCount "64"]
[EventDate "2016.07.23"]

1. e4 e5 2. Nf3 Nc6 3. d4 exd4 4. Bc4 Bc5 5. c3 Nf6 6. e5 d5 7. Bb5 Ne4 8. cxd4
Bb6 9. O-O O-O 10. Bxc6 bxc6 11. Be3 f6 12. Nbd2 Bg4 13. Qb3 Nxd2 14. Nxd2 Rb8
15. exf6 Bxd4 16. fxg7 Bxg7 17. Qa4 d4 18. Qc4+ Qd5 19. Bg5 Rxb2 20. Qxd5+ cxd5
21. f3 Rf5 22. Bh4 Rxd2 23. fxg4 Rxf1+ 24. Kxf1 c5 25. Re1 d3 26. Re8+ Kf7 27.
Re7+ Kf8 28. Rd7 Rd1+ 29. Kf2 Bd4+ 30. Kg3 d2 31. Rd8+ Kf7 32. Rd7+ Ke6 0-1

[Event "Xtracon Chess Open 2016"]
[Site "Elsinore"]
[Date "2016.07.25"]
[Round "4.51"]
[White "Taylor, Adam C"]
[Black "Janse, Alexander"]
[Result "1-0"]
[WhiteElo "2254"]
[BlackElo "2017"]
[PlyCount "87"]
[EventDate "2016.07.23"]

1. Nf3 Nf6 2. c4 b6 3. Nc3 Bb7 4. d3 c5 5. e4 d6 6. a3 g6 7. b4 Bg7 8. Bb2 O-O
9. g3 Nbd7 10. Bg2 Rb8 11. Qe2 a6 12. b5 e6 13. O-O a5 14. Nd2 e5 15. f4 exf4
16. Rxf4 Nh5 17. Rff1 Ne5 18. Nd5 Bxd5 19. cxd5 Rb7 20. g4 Nf6 21. Bxe5 dxe5
22. a4 Ne8 23. Qe3 Nd6 24. Kh1 f6 25. Rf3 Nf7 26. Nc4 Bh6 27. Qf2 Bf4 28. Rxf4
exf4 29. Qxf4 g5 30. Qg3 Rd7 31. Rf1 Re8 32. h4 h6 33. Qf2 Kg7 34. h5 Nd6 35.
Nxd6 Rxd6 36. Qf5 Kh8 37. Qg6 f5 38. Qxf5 Qe7 39. Qf2 Kg8 40. Qb2 Qe5 41. Qxe5
Rxe5 42. Rf5 Rxf5 43. gxf5 Rf6 44. Kg1 1-0

[Event "Xtracon Chess Open 2016"]
[Site "Elsinore"]
[Date "2016.07.25"]
[Round "4.52"]
[White "Arndt, Uwe"]
[Black "Jacobsen, Mikkel Manosri"]
[Result "0-1"]
[WhiteElo "2023"]
[BlackElo "2245"]
[PlyCount "74"]
[EventDate "2016.07.23"]

1. d4 Nf6 2. c4 e6 3. Nc3 Bb4 4. Bd2 b6 5. Nf3 Bb7 6. g3 O-O 7. Bg2 d6 8. O-O
Nbd7 9. Rc1 Bxc3 10. Bxc3 Ne4 11. Qd3 f5 12. b4 Qe7 13. Bb2 c5 14. dxc5 bxc5
15. a3 a5 16. Rfd1 axb4 17. Nd2 bxa3 18. Bxa3 Ne5 19. Qb3 Bc6 20. Nxe4 fxe4 21.
Rd2 Rfb8 22. Qe3 Ra4 23. Rdc2 Ng4 24. Qc3 Qf7 25. f4 Qa7 26. Bb2 Rab4 27. Ra1
Qb7 28. Bc1 Rb3 29. Qe1 e3 30. Bh3 h5 31. Rc3 Qb4 32. Bxg4 hxg4 33. Ra3 Rb1 34.
Kf1 Ra8 35. Rxa8+ Bxa8 36. Rxe3 Qb7 37. Qc3 Rxc1+ 0-1

[Event "Xtracon Chess Open 2016"]
[Site "Elsinore"]
[Date "2016.07.25"]
[Round "4.53"]
[White "Schmidt, Kristen"]
[Black "Jessen, Alexander"]
[Result "1-0"]
[WhiteElo "2241"]
[BlackElo "2014"]
[PlyCount "99"]
[EventDate "2016.07.23"]

1. e4 e6 2. d4 d5 3. Nc3 Bb4 4. e5 c5 5. Bd2 cxd4 6. Nb5 Bc5 7. b4 Bf8 8. Nxd4
Nc6 9. Nxc6 bxc6 10. Bd3 Qb6 11. Rb1 Rb8 12. a4 Bd7 13. c3 Ne7 14. Nf3 g6 15.
O-O Bg7 16. Be3 Qc7 17. Bc5 Nc8 18. Qd2 h6 19. h4 Bf8 20. Bxf8 Kxf8 21. Rfe1
Ne7 22. Qe3 Qb6 23. Qf4 Qd8 24. Qf6 Rg8 25. g4 Be8 26. Nd4 Qd7 27. Nb3 Qd8 28.
Nc5 Bd7 29. Re3 Rg7 30. Rf3 Kg8 31. Kh2 Kh8 32. h5 Ng8 33. Qf4 g5 34. Qd4 Bc8
35. Kh3 Qe8 36. Bc2 Ne7 37. Rf6 Ng8 38. f4 Nxf6 39. exf6 Rh7 40. Qe5 Ra8 41.
Bxh7 Kxh7 42. fxg5 hxg5 43. Qxg5 Qg8 44. Qe5 a5 45. g5 axb4 46. Rg1 bxc3 47.
g6+ fxg6 48. hxg6+ Qxg6 49. Rxg6 Kxg6 50. Kh4 1-0

[Event "Xtracon Chess Open 2016"]
[Site "Elsinore"]
[Date "2016.07.25"]
[Round "4.54"]
[White "Roe, Simon J"]
[Black "Skou, Niels"]
[Result "1-0"]
[WhiteElo "2238"]
[BlackElo "2011"]
[PlyCount "167"]
[EventDate "2016.07.23"]

1. c4 Nf6 2. Nc3 e5 3. Nf3 Nc6 4. g3 Bc5 5. Bg2 a6 6. O-O d6 7. d3 h6 8. a3 O-O
9. b4 Ba7 10. Bb2 Be6 11. Rc1 Qd7 12. Qc2 Rab8 13. e3 Rfe8 14. Nd2 Ne7 15. Nce4
Nxe4 16. dxe4 f6 17. Qd3 Red8 18. Nb3 Qa4 19. Nd2 c5 20. Qc2 Qxc2 21. Rxc2 b5
22. Rfc1 Nc6 23. Bf1 Kf7 24. Bc3 Ke7 25. Rb2 Rdc8 26. cxb5 axb5 27. Nb1 c4 28.
Rd2 Bb6 29. Bb2 Bc7 30. Nc3 Rb7 31. Rcd1 Bb8 32. h3 h5 33. Kh2 Rd8 34. Be2 g6
35. Bf3 Rdd7 36. Rg1 Rd8 37. Rdd1 Rh8 38. Bg2 g5 39. Rgf1 Ba7 40. Bc1 Bb8 41.
Rd2 Na7 42. Bb2 Rh6 43. Ra1 Nc6 44. Rad1 Rh8 45. Kg1 Re8 46. Kf1 Kf7 47. Ke2
Ke7 48. Rg1 Rg8 49. Rdd1 Na7 50. Rh1 Rd7 51. Bf3 Rh8 52. h4 g4 53. Bg2 Rg8 54.
Rhg1 Rg6 55. Ra1 Rb7 56. f4 Rh6 57. Rgf1 Nc6 58. Rad1 Na7 59. Rf2 Nc6 60. Nd5+
Kf7 61. Rdf1 Bxd5 62. exd5 Na7 63. fxe5 dxe5 64. d6 Rd7 65. Bxe5 Ke6 66. Bf4
Rg6 67. Rd1 Bxd6 68. Rxd6+ Rxd6 69. Bxd6 Kxd6 70. Rf5 Rh6 71. Rd5+ Ke7 72. Rc5
Kd6 73. Be4 Kd7 74. Kd2 Kd6 75. Kc3 Kd7 76. Kd4 Kd6 77. Rd5+ Kc7 78. Kc5 f5 79.
Rxf5 Re6 80. Rf7+ Kd8 81. Bd5 Rxe3 82. Rxa7 c3 83. Kd6 Ke8 84. Ra8# 1-0

[Event "Xtracon Chess Open 2016"]
[Site "Elsinore"]
[Date "2016.07.25"]
[Round "4.55"]
[White "Brondt, Nicolai Kvist"]
[Black "Schmitt, Carsten"]
[Result "1-0"]
[WhiteElo "2231"]
[BlackElo "2008"]
[PlyCount "77"]
[EventDate "2016.07.23"]

1. d4 d5 2. c4 e6 3. Nf3 c5 4. cxd5 exd5 5. g3 Nf6 6. Bg2 Be7 7. O-O O-O 8. Nc3
Nc6 9. dxc5 Bxc5 10. Na4 Bd6 11. Be3 Re8 12. Rc1 Rxe3 13. fxe3 Ng4 14. Rc3 Qe7
15. Qc1 Bb4 16. Rb3 Na5 17. Rxb4 Qxb4 18. Nc3 Qc5 19. Nxd5 Qxc1 20. Rxc1 Be6
21. e4 f6 22. Nd4 Bd7 23. Bh3 Rd8 24. Bxg4 Bxg4 25. b4 Nc6 26. Nxc6 bxc6 27.
Rxc6 Bxe2 28. Kf2 Bd3 29. Ke3 Bb1 30. a3 Kf8 31. Rc7 f5 32. Nc3 Bxe4 33. Nxe4
Re8 34. Rxa7 Rxe4+ 35. Kf3 h6 36. b5 Ke8 37. b6 Kd8 38. Ra8+ Kd7 39. b7 1-0

[Event "Xtracon Chess Open 2016"]
[Site "Elsinore"]
[Date "2016.07.25"]
[Round "4.56"]
[White "Olesen, Poul Erik Norgaard"]
[Black "Tryggestad, Andreas Garberg"]
[Result "0-1"]
[WhiteElo "2020"]
[BlackElo "2216"]
[PlyCount "38"]
[EventDate "2016.07.23"]

1. e4 c5 2. Nf3 e6 3. d4 cxd4 4. Nxd4 Nc6 5. Nc3 Qc7 6. Be3 Nf6 7. f4 Bb4 8.
Ndb5 Qa5 9. a3 Bxc3+ 10. Nxc3 Nxe4 11. Qg4 O-O 12. Bd3 f5 13. Qh3 d5 14. Bxe4
fxe4 15. Bd2 e3 16. Qxe3 d4 17. Qg3 dxc3 18. Bxc3 Qc7 19. O-O-O Qxf4+ 0-1

[Event "Xtracon Chess Open 2016"]
[Site "Elsinore"]
[Date "2016.07.25"]
[Round "4.57"]
[White "Christensen, Casper"]
[Black "Jorgensen, Dennis"]
[Result "0-1"]
[WhiteElo "2012"]
[BlackElo "2215"]
[PlyCount "54"]
[EventDate "2016.07.23"]

1. e4 c6 2. d4 d5 3. exd5 cxd5 4. c4 Nf6 5. Nf3 e6 6. Nc3 Bb4 7. Qc2 O-O 8. Bd3
dxc4 9. Bxc4 Nc6 10. Be3 b6 11. O-O Bb7 12. Rfd1 Na5 13. Be2 Rc8 14. Nd2 Nd5
15. Ndb1 Nxe3 16. fxe3 Qg5 17. e4 Qe3+ 18. Kh1 Rfd8 19. Qd3 Qxd3 20. Rxd3 Ba6
21. Re3 Bxe2 22. Nxe2 Rxd4 23. Nbc3 Rd2 24. b3 Rc2 25. Rd1 g6 26. Rdd3 Bxc3 27.
Rxc3 R8xc3 0-1

[Event "Xtracon Chess Open 2016"]
[Site "Elsinore"]
[Date "2016.07.25"]
[Round "4.58"]
[White "Hoyer, Jacob K"]
[Black "Higgs, Joshua"]
[Result "1/2-1/2"]
[WhiteElo "2212"]
[BlackElo "2003"]
[PlyCount "85"]
[EventDate "2016.07.23"]

1. d4 Nf6 2. c4 e6 3. Nc3 d5 4. cxd5 exd5 5. Bg5 Be7 6. e3 O-O 7. Bd3 c6 8. Qc2
Nbd7 9. Nf3 Re8 10. O-O Nf8 11. Bxf6 Bxf6 12. b4 Qd6 13. b5 c5 14. dxc5 Qxc5
15. Ne4 Qxc2 16. Nxf6+ gxf6 17. Bxc2 Be6 18. Bb3 Rac8 19. Rac1 Ng6 20. Nd4 Ne7
21. Rfd1 Rxc1 22. Rxc1 Rc8 23. Rxc8+ Nxc8 24. e4 Ne7 25. Kf1 Kf8 26. Ke2 Ke8
27. Nxe6 fxe6 28. exd5 exd5 29. Kd3 Kd7 30. Kd4 Kd6 31. g4 Ke6 32. Bc2 h6 33.
f4 Kd6 34. h4 a6 35. a4 axb5 36. axb5 b6 37. g5 fxg5 38. fxg5 hxg5 39. hxg5 Ke6
40. Bh7 Nc8 41. Bg6 Na7 42. Bd3 Nxb5+ 43. Bxb5 1/2-1/2

[Event "Xtracon Chess Open 2016"]
[Site "Elsinore"]
[Date "2016.07.25"]
[Round "4.59"]
[White "Madsen, Michael Ole"]
[Black "Solberg, Joachim"]
[Result "0-1"]
[WhiteElo "2010"]
[BlackElo "2211"]
[PlyCount "54"]
[EventDate "2016.07.23"]

1. d4 Nf6 2. Nf3 g6 3. g3 Bg7 4. Bg2 O-O 5. c4 d6 6. O-O Nbd7 7. Nc3 e5 8. e4
exd4 9. Nxd4 a6 10. h3 Ne5 11. b3 c5 12. Nde2 Rb8 13. Rb1 Qc7 14. Bg5 b5 15. f4
Ned7 16. e5 dxe5 17. fxe5 Nh5 18. Be7 Qxe5 19. Bxf8 Nxf8 20. Nd5 Bf5 21. Rc1
Nxg3 22. Nxg3 Qxg3 23. Ne7+ Kh8 24. Nxf5 gxf5 25. Rxf5 Bd4+ 26. Kf1 Qe3 27. Bc6
Qxh3+ 0-1

[Event "Xtracon Chess Open 2016"]
[Site "Elsinore"]
[Date "2016.07.25"]
[Round "4.60"]
[White "Rosenkilde, Alexander"]
[Black "Jensen, Michael Agermose"]
[Result "1-0"]
[WhiteElo "2211"]
[BlackElo "2001"]
[PlyCount "79"]
[EventDate "2016.07.23"]

1. d4 g6 2. c4 Bg7 3. e4 c5 4. d5 d6 5. Nc3 e6 6. Nf3 Ne7 7. Be2 O-O 8. O-O
exd5 9. cxd5 a6 10. a4 Bg4 11. Bf4 Bxf3 12. Bxf3 Qb6 13. Qd2 Nd7 14. a5 Qc7 15.
Na4 Nc8 16. Rac1 Ne5 17. b4 Qd7 18. Bd1 cxb4 19. Bxe5 Bxe5 20. Qxb4 Qb5 21. Rb1
Bxh2+ 22. Kxh2 Qxf1 23. Qd4 Na7 24. Nb6 Nb5 25. Qe3 Na3 26. Qxa3 Qxf2 27. Nxa8
Rxa8 28. Qg3 Qd2 29. Bf3 Rc8 30. Qh4 Rc3 31. Rf1 Rc2 32. Qd8+ Kg7 33. Qxd6 Qh6+
34. Kg1 Qe3+ 35. Kh1 Rc1 36. Qe5+ Kg8 37. Rxc1 Qxc1+ 38. Kh2 Qh6+ 39. Kg3 g5
40. Kf2 1-0

[Event "Xtracon Chess Open 2016"]
[Site "Elsinore"]
[Date "2016.07.25"]
[Round "4.61"]
[White "Kristensen, Kjell Ole"]
[Black "Thogersen, Rasmus"]
[Result "1-0"]
[WhiteElo "2006"]
[BlackElo "2205"]
[PlyCount "71"]
[EventDate "2016.07.23"]

1. e4 c5 2. Nf3 d6 3. d4 cxd4 4. Nxd4 Nf6 5. Nc3 a6 6. f4 e5 7. Nf3 Nbd7 8. Bd3
Be7 9. a4 O-O 10. O-O exf4 11. Kh1 Nh5 12. Nd5 Re8 13. Nxf4 Nxf4 14. Bxf4 Bf6
15. Bxd6 Bxb2 16. Rb1 Nb6 17. Rxb2 Qxd6 18. e5 Qh6 19. Rb4 Qe3 20. Re4 Qc5 21.
Ng5 h6 22. Qh5 Qe7 23. Nxf7 Be6 24. Ref4 Bxf7 25. Rxf7 Qg5 26. Qxg5 hxg5 27.
Rxb7 Rab8 28. Rxb8 Rxb8 29. a5 Nd7 30. Bc4+ Kh7 31. e6 Nc5 32. Kg1 g6 33. Rf7+
Kh6 34. e7 Rb1+ 35. Rf1 Rb8 36. Bf7 1-0

[Event "Xtracon Chess Open 2016"]
[Site "Elsinore"]
[Date "2016.07.25"]
[Round "4.62"]
[White "Ramsdal, Jens Albert"]
[Black "Schmied, Andreas"]
[Result "1-0"]
[WhiteElo "2204"]
[BlackElo "1995"]
[PlyCount "123"]
[EventDate "2016.07.23"]

1. e4 e5 2. d4 exd4 3. Qxd4 Nc6 4. Qe3 Nf6 5. Bc4 Qe7 6. Nc3 Qc5 7. Bb3 Qxe3+
8. Bxe3 Bb4 9. f3 Bxc3+ 10. bxc3 d6 11. Ne2 Be6 12. Nd4 Nxd4 13. cxd4 Bxb3 14.
axb3 d5 15. Bg5 dxe4 16. Bxf6 gxf6 17. fxe4 Rg8 18. O-O Rg6 19. Ra5 Ke7 20. Rf4
Rg5 21. Ra1 Rd8 22. c3 c5 23. Rxa7 Rd7 24. d5 f5 25. c4 Kf6 26. Ra2 Ke5 27.
Rxf5+ Rxf5 28. exf5 Kxf5 29. Re2 b5 30. Kf2 bxc4 31. bxc4 Ra7 32. Kf3 Ra4 33.
g4+ Kf6 34. Re4 Ra1 35. Kg3 h6 36. Kh4 Ra2 37. h3 Ra3 38. Re8 Rc3 39. d6 Rd3
40. Rc8 Rxd6 41. Kh5 Kg7 42. Rxc5 Rd3 43. h4 Rc3 44. Rc6 Rc1 45. Rc8 Rc2 46.
Rc5 Kh7 47. g5 hxg5 48. Kxg5 Kg7 49. h5 Rg2+ 50. Kf5 Rh2 51. Ke4 Kf6 52. Rc6+
Kg5 53. Rc5+ Kf6 54. Rd5 Rh4+ 55. Kd3 Ke6 56. Ra5 f5 57. h6 Kd6 58. Ra8 Kc5 59.
Rh8 Rd4+ 60. Ke2 Rd7 61. h7 Kd4 62. Kf3 1-0

[Event "Xtracon Chess Open 2016"]
[Site "Elsinore"]
[Date "2016.07.25"]
[Round "4.63"]
[White "Krokay, Urszula"]
[Black "Thuesen, Mogens Henrik"]
[Result "0-1"]
[WhiteElo "2003"]
[BlackElo "2200"]
[PlyCount "46"]
[EventDate "2016.07.23"]

1. Nf3 c5 2. c4 Nc6 3. g3 Nf6 4. Bg2 d5 5. cxd5 Nxd5 6. Nc3 Nc7 7. O-O e5 8. b3
Be7 9. Bb2 O-O 10. d3 f5 11. Rc1 Bf6 12. Na4 b6 13. Nxe5 Nxe5 14. d4 Nf7 15.
dxc5 Bxb2 16. Nxb2 bxc5 17. Bxa8 Nxa8 18. Qxd8 Rxd8 19. Rxc5 g6 20. Rfc1 Bb7
21. a4 Ng5 22. f3 Ne6 23. Kf2 Nxc5 0-1

[Event "Xtracon Chess Open 2016"]
[Site "Elsinore"]
[Date "2016.07.25"]
[Round "4.64"]
[White "Rossen, Claus"]
[Black "Kakulidis, Ellen"]
[Result "1/2-1/2"]
[WhiteElo "2199"]
[BlackElo "1989"]
[PlyCount "62"]
[EventDate "2016.07.23"]

1. e4 e6 2. d4 d5 3. Nc3 Bb4 4. a3 Bxc3+ 5. bxc3 dxe4 6. Qg4 Nf6 7. Qxg7 Rg8 8.
Qh6 Nbd7 9. Bb2 b6 10. O-O-O Ng4 11. Qd2 Qg5 12. Nh3 Qxd2+ 13. Rxd2 e3 14. fxe3
Nxe3 15. Bd3 Bb7 16. Nf4 h6 17. Rg1 O-O-O 18. Re2 Nd5 19. Nxd5 Bxd5 20. c4 Bb7
21. Rf1 Rxg2 22. Rxg2 Bxg2 23. Rxf7 c5 24. Rh7 cxd4 25. Bxd4 Nf8 26. Rg7 Rxd4
27. Rxg2 Nd7 28. Rg6 Nc5 29. Rxh6 Nxd3+ 30. cxd3 Rxd3 31. Kb2 e5 1/2-1/2

[Event "Xtracon Chess Open 2016"]
[Site "Elsinore"]
[Date "2016.07.25"]
[Round "4.65"]
[White "Kyrkjebo, Hanna Bakken"]
[Black "Petersen, Peter Birk"]
[Result "0-1"]
[WhiteElo "1987"]
[BlackElo "2197"]
[PlyCount "150"]
[EventDate "2016.07.23"]

1. e4 g6 2. d4 Bg7 3. Nc3 d6 4. Be3 a6 5. Qd2 b5 6. f3 Nd7 7. O-O-O c6 8. Kb1
Nb6 9. Bd3 Rb8 10. h4 h5 11. Nh3 Bxh3 12. Rxh3 Nf6 13. e5 Nfd5 14. Nxd5 Nxd5
15. e6 fxe6 16. Bxg6+ Kd7 17. Rg3 b4 18. Re1 Qa5 19. Qf2 Bf6 20. Bg5 b3 21.
cxb3 Bxd4 22. Qe2 e5 23. Bd2 Qb6 24. Bf5+ Kc7 25. Rc1 c5 26. Qe1 Nb4 27. Bxb4
Qxb4 28. Qxb4 Rxb4 29. Rc4 Bf2 30. Rg7 Bxh4 31. Rxb4 cxb4 32. Rh7 Rxh7 33. Bxh7
Bg3 34. Bg8 Kc6 35. Kc2 Kc5 36. Kd3 d5 37. Bf7 h4 38. Bg8 a5 39. Bf7 Bf4 40.
Bg8 Bc1 41. Bf7 Bxb2 42. Bg8 Bc3 43. Bf7 Kd6 44. Bg8 e6 45. Bf7 Ke7 46. Bh5 Kf6
47. Bg4 e4+ 48. fxe4 d4 49. Bh3 e5 50. Bd7 Kg5 51. Bf5 Kf4 52. Bh3 Kg3 53. Ke2
Bb2 54. Kd2 Kf2 55. Kd3 Bc3 56. Kc2 Ke3 57. Bf5 d3+ 58. Kd1 Bd4 59. Ke1 Bc5 60.
Kd1 Be7 61. Ke1 Kd4 62. Kd1 Bg5 63. Bg6 Kc3 64. Be8 Kb2 65. Ba4 Kxa2 66. Ke1
Kb2 67. Kd1 Kc3 68. Bb5 Kxb3 69. Bxd3 Kc3 70. Bb5 b3 71. Ba4 Kb4 72. Bd7 a4 73.
Be6 a3 74. Bf7 a2 75. Bxb3 a1=Q+ 0-1

[Event "Xtracon Chess Open 2016"]
[Site "Elsinore"]
[Date "2016.07.25"]
[Round "4.66"]
[White "Hartung Nielsen, Jens"]
[Black "Svedberg, Hans"]
[Result "1/2-1/2"]
[WhiteElo "2194"]
[BlackElo "1985"]
[PlyCount "48"]
[EventDate "2016.07.23"]

1. e4 c5 2. d4 cxd4 3. c3 Nf6 4. e5 Nd5 5. Nf3 e6 6. cxd4 d6 7. Bd3 Nc6 8. a3
Be7 9. O-O Bd7 10. exd6 Bxd6 11. Nbd2 Be7 12. Ne4 O-O 13. Re1 h6 14. b4 b6 15.
Bd2 Bf6 16. Nxf6+ Qxf6 17. Ne5 Be8 18. Qg4 Nce7 19. Qe4 Qf5 20. Qh4 Qf6 21. Qh3
Nf4 22. Bxf4 Qxf4 23. Re4 Qd2 24. Re2 Qf4 1/2-1/2

[Event "Xtracon Chess Open 2016"]
[Site "Elsinore"]
[Date "2016.07.25"]
[Round "4.67"]
[White "Oe, Oluf"]
[Black "Wilbrandt, Simon Pil"]
[Result "1/2-1/2"]
[WhiteElo "1971"]
[BlackElo "2190"]
[PlyCount "119"]
[EventDate "2016.07.23"]

1. d4 Nf6 2. c4 g6 3. Nc3 d5 4. Nf3 Bg7 5. Bf4 O-O 6. cxd5 Nxd5 7. Nxd5 Qxd5 8.
Bxc7 Nc6 9. e3 Bf5 10. Qd2 Rac8 11. Bg3 Rfd8 12. Be2 Na5 13. Qb4 Rc2 14. Bd1
Rc4 15. Qa3 Bf8 16. b3 Rc3 17. Rc1 e5 18. Qb2 Rxc1 19. Qxc1 Bb4+ 20. Kf1 Rc8
21. Qb2 Bd3+ 22. Kg1 exd4 23. exd4 Qc6 24. h4 Qc1 25. Qxc1 Rxc1 26. Kh2 Bb1 27.
d5 Rc8 28. a4 Ba2 29. h5 Rd8 30. hxg6 hxg6 31. d6 Nc6 32. Bc2 Bxd6 33. Rd1
Bxg3+ 34. Kxg3 Rxd1 35. Bxd1 Kg7 36. Kf4 Kf6 37. Ke3 Bb1 38. g3 a5 39. Nd2 Bf5
40. Bf3 Ke5 41. Bxc6 bxc6 42. Nc4+ Kd5 43. Nxa5 c5 44. f3 g5 45. Kd2 Bc8 46.
Nc4 Kd4 47. Nb6 Bb7 48. f4 gxf4 49. gxf4 f5 50. Nd7 Bc6 51. Ne5 Bd5 52. Kc2 Ke4
53. Nd7 Kxf4 54. Nxc5 Ke3 55. Nd7 f4 56. Ne5 Kd4 57. Ng4 f3 58. Kd2 Bxb3 59.
Nh2 Bxa4 60. Nxf3+ 1/2-1/2

[Event "Xtracon Chess Open 2016"]
[Site "Elsinore"]
[Date "2016.07.25"]
[Round "4.68"]
[White "Thomsen, Kim R"]
[Black "Andersen, Morten"]
[Result "0-1"]
[WhiteElo "1966"]
[BlackElo "2173"]
[PlyCount "92"]
[EventDate "2016.07.23"]

1. d4 Nf6 2. c4 c5 3. d5 e6 4. Nc3 exd5 5. cxd5 d6 6. e4 g6 7. Nf3 Bg7 8. h3
O-O 9. Bf4 Re8 10. Nd2 Nxe4 11. Ncxe4 f5 12. Qc2 fxe4 13. Nc4 Qf6 14. Qd2 Bf8
15. a4 Na6 16. Be2 Nb4 17. O-O b6 18. f3 e3 19. Bxe3 Bb7 20. Bg5 Qf5 21. Bh4
Qxd5 22. Rfe1 Qxd2 23. Nxd2 Bg7 24. Bb5 Bc6 25. Nc4 Rxe1+ 26. Rxe1 Bxb5 27.
axb5 d5 28. Nd6 Bxb2 29. Re7 Rf8 30. Bg5 Bf6 31. Bxf6 Rxf6 32. Rd7 Kf8 33. Kf2
a5 34. bxa6 Nxa6 35. Nb5 Nb4 36. Rxh7 d4 37. Na3 Nd3+ 38. Kg3 Nb2 39. Kg4 d3
40. Rd7 Ke8 41. Rd5 Rf5 42. Rd6 Ke7 43. Nb5 Nc4 44. Rxg6 Rd5 45. Nc3 Rd4+ 46.
f4 Ne5+ 0-1

[Event "Xtracon Chess Open 2016"]
[Site "Elsinore"]
[Date "2016.07.25"]
[Round "4.69"]
[White "Goldie, Thomas"]
[Black "Larsen, Ulrik"]
[Result "1-0"]
[WhiteElo "2171"]
[BlackElo "1983"]
[PlyCount "35"]
[EventDate "2016.07.23"]

1. d4 d5 2. Nc3 Nf6 3. Bg5 Bf5 4. Bxf6 exf6 5. e3 Bd6 6. Nxd5 Bxh2 7. Nxf6+
Qxf6 8. Rxh2 Nc6 9. Bd3 O-O-O 10. Qf3 g6 11. Bxf5+ gxf5 12. O-O-O Nb4 13. a3
Qd6 14. Qxf5+ Kb8 15. Nf3 Na2+ 16. Kb1 Nc3+ 17. bxc3 Qxa3 18. Rh6 1-0

[Event "Xtracon Chess Open 2016"]
[Site "Elsinore"]
[Date "2016.07.25"]
[Round "4.70"]
[White "Molvig, Julius"]
[Black "Skjoldager, Per"]
[Result "1/2-1/2"]
[WhiteElo "1964"]
[BlackElo "2160"]
[PlyCount "86"]
[EventDate "2016.07.23"]

1. d4 Nf6 2. c4 e6 3. Nf3 b6 4. g3 Bb7 5. Bg2 Be7 6. O-O O-O 7. b3 d5 8. Bb2
Nbd7 9. Nc3 Re8 10. Rc1 c5 11. cxd5 exd5 12. e3 Rc8 13. Qd3 c4 14. bxc4 Ba6 15.
Nd2 dxc4 16. Qb1 b5 17. a3 Qb6 18. Rfd1 Bb7 19. Bxb7 Qxb7 20. Qf5 g6 21. Qxb5
Qxb5 22. Nxb5 Rb8 23. Nxa7 Rxb2 24. Nxc4 Rb3 25. a4 Nd5 26. Nc6 Bf8 27. Rb1
Rxb1 28. Rxb1 Rc8 29. N4e5 Nxe5 30. Nxe5 Ra8 31. Rb7 f6 32. Nd7 Bg7 33. Nc5 Bf8
34. Nd7 Bg7 35. Nc5 f5 36. Kf1 Bf6 37. Ke1 Nc3 38. Nd7 Bd8 39. Nc5 Ba5 40. Kf1
Bd8 41. Ke1 Bf6 42. Nd7 Bd8 43. Nc5 Ba5 1/2-1/2

[Event "Xtracon Chess Open 2016"]
[Site "Elsinore"]
[Date "2016.07.25"]
[Round "4.71"]
[White "Hinrichs, Lars"]
[Black "Taksrud, Vidar"]
[Result "1-0"]
[WhiteElo "2157"]
[BlackElo "1979"]
[PlyCount "81"]
[EventDate "2016.07.23"]

1. e4 d5 2. exd5 Nf6 3. Bb5+ Nbd7 4. d4 Nxd5 5. Nf3 c6 6. Be2 Qc7 7. O-O g6 8.
Re1 Bg7 9. c4 N5b6 10. Bf1 Nf6 11. Bg5 O-O 12. Nc3 Bg4 13. h3 Bxf3 14. Qxf3 Qd7
15. Rad1 h6 16. Bf4 Rfe8 17. d5 Nh5 18. Be5 Qf5 19. Qxf5 gxf5 20. dxc6 bxc6 21.
c5 Nd5 22. Nxd5 cxd5 23. Bxg7 Kxg7 24. Rxd5 e6 25. Rd6 Rab8 26. c6 Rb6 27. b4
Rc8 28. b5 Nf6 29. a4 a5 30. Red1 Nd5 31. Bc4 Nc3 32. Ra1 Ne4 33. Rd7 Kf6 34.
Ra7 Ke5 35. Rxa5 Nd2 36. Bf1 Nb3 37. Re1+ Kf6 38. Ra7 Nd4 39. Rd1 e5 40. a5
Rbb8 41. c7 1-0

[Event "Xtracon Chess Open 2016"]
[Site "Elsinore"]
[Date "2016.07.25"]
[Round "4.72"]
[White "Christensen, Bo Garner"]
[Black "Mehringer, Joerg"]
[Result "1-0"]
[WhiteElo "2150"]
[BlackElo "1966"]
[PlyCount "67"]
[EventDate "2016.07.23"]

1. d4 Nf6 2. Nf3 g6 3. Bf4 Bg7 4. c3 O-O 5. Nbd2 d5 6. h3 b6 7. b4 Bb7 8. e3
Nbd7 9. Rb1 Re8 10. Be2 Ne4 11. Nxe4 dxe4 12. Nd2 Nf6 13. Qb3 a5 14. b5 Nd5 15.
Bg3 e6 16. c4 Ne7 17. O-O Nf5 18. Bh2 Bf8 19. Qc2 Nh4 20. Bf4 f5 21. c5 Bd5 22.
a4 Rc8 23. Rfc1 g5 24. Bh2 Qd7 25. Nc4 Bxc4 26. Bxc4 Kh8 27. Qb3 Bg7 28. Rc2
Ng6 29. Rbc1 f4 30. Be2 e5 31. Bg4 Qd8 32. Bxc8 Qxc8 33. cxb6 f3 34. Rxc7 1-0

[Event "Xtracon Chess Open 2016"]
[Site "Elsinore"]
[Date "2016.07.25"]
[Round "4.73"]
[White "Leutwyler, Martin"]
[Black "Strachan, Christian C"]
[Result "1/2-1/2"]
[WhiteElo "2145"]
[BlackElo "1964"]
[PlyCount "110"]
[EventDate "2016.07.23"]

1. d4 d5 2. Nf3 c6 3. c4 Nf6 4. e3 Bf5 5. Nc3 e6 6. Nh4 Bg4 7. Qb3 Qc7 8. h3
Bh5 9. g4 Bg6 10. Bd2 Be7 11. Rc1 Be4 12. Nxe4 Nxe4 13. Nf3 Nxd2 14. Nxd2 dxc4
15. Nxc4 Nd7 16. Bg2 O-O 17. O-O Rab8 18. Rfd1 Nb6 19. Ne5 Qd6 20. a3 Rfc8 21.
Nd3 Bd8 22. Qb4 Qxb4 23. Nxb4 Be7 24. Nd3 Rd8 25. Nc5 Nd5 26. b4 Kf8 27. Rd2
Ke8 28. Rb2 a6 29. a4 Rdc8 30. Bf1 Nc7 31. Be2 h6 32. f4 Bd6 33. h4 Ke7 34. Kf2
g6 35. Kf3 Rd8 36. Ne4 f6 37. Nc5 e5 38. Rd2 exf4 39. e4 g5 40. hxg5 hxg5 41.
Rh1 Rh8 42. Rh5 b5 43. a5 Rbd8 44. Nb7 Rdg8 45. Nxd6 Kxd6 46. Bd1 Re8 47. e5+
Ke7 48. Rc2 fxe5 49. Rxc6 e4+ 50. Kf2 Kd7 51. Rg6 Reg8 52. Rxg8 Rxg8 53. Bc2
e3+ 54. Kf3 Rg7 55. Rh6 Ke7 1/2-1/2

[Event "Xtracon Chess Open 2016"]
[Site "Elsinore"]
[Date "2016.07.25"]
[Round "4.74"]
[White "Huse, Sigurd Kjelsbol"]
[Black "Royset, Pal"]
[Result "0-1"]
[WhiteElo "1963"]
[BlackElo "2144"]
[PlyCount "90"]
[EventDate "2016.07.23"]

1. e4 e5 2. Nf3 Nc6 3. Bb5 Nge7 4. Nc3 Ng6 5. O-O Bc5 6. d3 O-O 7. Bxc6 dxc6 8.
Be3 Bxe3 9. fxe3 c5 10. Qe1 Be6 11. Qg3 f6 12. h4 Nh8 13. h5 Nf7 14. Rad1 Qd6
15. Nh4 Ng5 16. Nf5 Bxf5 17. exf5 Rad8 18. Qg4 Qc6 19. Qc4+ Kh8 20. Ne4 Rd5 21.
Nxg5 fxg5 22. Qe4 Rfd8 23. c4 R5d6 24. Qxe5 Rh6 25. g4 Re8 26. Qg3 Rd6 27. Qf3
Qb6 28. Rf2 c6 29. e4 Qd8 30. Qe3 Rd4 31. Rfd2 h6 32. b3 a5 33. Kg2 Re7 34. Qf2
Red7 35. Qf3 b5 36. Qe3 a4 37. Kf2 Qa5 38. Qe1 axb3 39. axb3 Qc3 40. Re2 Qxb3
41. Rb1 Qxd3 42. cxb5 cxb5 43. Re3 Qc2+ 44. Re2 Rd2 45. Rxd2 Rxd2+ 0-1

[Event "Xtracon Chess Open 2016"]
[Site "Elsinore"]
[Date "2016.07.25"]
[Round "4.75"]
[White "Vesterli, Michael E"]
[Black "Andersen, Per O"]
[Result "1-0"]
[WhiteElo "2141"]
[BlackElo "1962"]
[PlyCount "97"]
[EventDate "2016.07.23"]

1. d4 Nf6 2. c4 c5 3. d5 b5 4. cxb5 a6 5. bxa6 g6 6. Nc3 Bxa6 7. g3 d6 8. Bg2
Bg7 9. Nf3 Nbd7 10. Rb1 O-O 11. O-O Ng4 12. Qc2 Nge5 13. Nxe5 Nxe5 14. b3 Qc7
15. a4 Rab8 16. Na2 e6 17. Rd1 exd5 18. Bxd5 Qd7 19. Nc3 Nc6 20. Bxc6 Qxc6 21.
Nd5 Qd7 22. Bb2 f6 23. Rd2 Bb7 24. Qc4 Bxd5 25. Rxd5 Kh8 26. Rbd1 Qf7 27. Bc3
Qb7 28. Rb1 Qf7 29. Bd2 f5 30. Bf4 Be5 31. Bxe5+ dxe5 32. Qxc5 Rfc8 33. Qd6 e4
34. b4 e3 35. fxe3 Ra8 36. Qe5+ Kg8 37. Qd4 Rc7 38. b5 h5 39. b6 Rb7 40. a5 Qg7
41. Rd8+ Rxd8 42. Qxd8+ Kh7 43. a6 Rd7 44. Qxd7 Qxd7 45. b7 Qe6 46. b8=Q Qxe3+
47. Kf1 Qe4 48. Rb7+ Kh6 49. Qf4+ 1-0